000 00560nam a22001217a 4500
040 _cRUA
082 _aVEM CHH 2025 B705 Or.
100 _aCHHOEUN SETHARA, ឈឺន សេដ្ឋរា
245 _aHeamoparasites Of Cattle In Sotep Commune, Cherng Prey District, Kampong Cham Province, បរាសិតក្នុងឈាមគោនៅឃុំសូទិព្វ ស្រុកជើងព្រៃ ខេត្តកំពង់ចាម
260 _aPHNOM PENH
_bRUA
_c2025
300 _aviii, 43p.
_bill.
_c29cm.
942 _cសារណាបទ
999 _c25565
_d25565